Missing you / (Record no. 589159)

000 -LEADER
fixed length control field 02689cam a2200397 i 4500
001 - CONTROL NUMBER
control field 17970535
003 - CONTROL NUMBER IDENTIFIER
control field NUST
005 - DATE AND TIME OF LATEST TRANSACTION
control field 20220414125559.0
008 - FIXED-LENGTH DATA ELEMENTS--GENERAL INFORMATION
fixed length control field 131212s2014 nyu 000 1 eng
010 ## - LIBRARY OF CONGRESS CONTROL NUMBER
LC control number 2013047624
020 ## - INTERNATIONAL STANDARD BOOK NUMBER
International Standard Book Number 9780525953494 (hardback)
038 ## - RECORD CONTENT LICENSOR
Staff Name waseem
040 ## - CATALOGING SOURCE
Original cataloging agency DLC
Language of cataloging eng
Transcribing agency DLC
Description conventions rda
Modifying agency DLC
042 ## - AUTHENTICATION CODE
Authentication code pcc
050 00 - LIBRARY OF CONGRESS CALL NUMBER
Classification number PS3553.O225
Item number M58 2014
082 00 - DEWEY DECIMAL CLASSIFICATION NUMBER
Classification number 813.54
Author Mark COB
084 ## - OTHER CLASSIFICATION NUMBER
Classification number FIC031000
-- FIC030000
-- FIC000000
Number source bisacsh
100 1# - MAIN ENTRY--PERSONAL NAME
Personal name Coben, Harlan,
Dates associated with a name 1962-
9 (RLIN) 7572
245 10 - TITLE STATEMENT
Title Missing you /
Statement of responsibility, etc. Harlan Coben.
264 #1 - PRODUCTION, PUBLICATION, DISTRIBUTION, MANUFACTURE, AND COPYRIGHT NOTICE
Place of production, publication, distribution, manufacture New York, New York :
Name of producer, publisher, distributor, manufacturer Dutton,
Date of production, publication, distribution, manufacture, or copyright notice [2014]
300 ## - PHYSICAL DESCRIPTION
Extent 399 pages ;
Dimensions 24 cm
336 ## - CONTENT TYPE
Content type term text
Source rdacontent
337 ## - MEDIA TYPE
Media type term unmediated
Source rdamedia
338 ## - CARRIER TYPE
Carrier type term volume
Source rdacarrier
520 ## - SUMMARY, ETC.
Summary, etc. "From #1 New York Times bestselling author Harlan Coben, a heart-pounding thriller about the ties we have to our past...and the lies that bind us together. It's a profile, like all the others on the online dating site. But as NYPD Detective Kat Donovan focuses on the accompanying picture, she feels her whole world explode, as emotions she's ignored for decades come crashing down on her. Staring back at her is her ex-fiance; Jeff, the man who shattered her heart-and who she hasn't seen in 18 years. Kat feels a spark, wondering if this might be the moment when past tragedies recede and a new world opens up to her. But when she reaches out to the man in the profile, her reawakened hope quickly darkens into suspicion and then terror as an unspeakable conspiracy comes to light, in which monsters prey upon the most vulnerable. As the body count mounts and Kat's hope for a second chance with Jeff grows more and more elusive, she is consumed by an investigation that challenges her feelings about everyone she ever loved-her former fiance;, her mother, and even her father, whose cruel murder so long ago has never been fully explained. With lives on the line, including her own, Kat must venture deeper into the darkness than she ever has before, and discover if she has the strength to survive what she finds there"--
Assigning source Provided by publisher.
563 ## - BINDING INFORMATION
Binding note HBK.
650 #0 - SUBJECT ADDED ENTRY--TOPICAL TERM
Topical term or geographic name entry element Women detectives
Form subdivision Fiction.
9 (RLIN) 90955
650 #7 - SUBJECT ADDED ENTRY--TOPICAL TERM
Topical term or geographic name entry element FICTION / Thrillers.
Source of heading or term bisacsh
9 (RLIN) 22571
650 #7 - SUBJECT ADDED ENTRY--TOPICAL TERM
Topical term or geographic name entry element FICTION / Suspense.
Source of heading or term bisacsh
9 (RLIN) 22570
650 #7 - SUBJECT ADDED ENTRY--TOPICAL TERM
Topical term or geographic name entry element FICTION / General.
Source of heading or term bisacsh
9 (RLIN) 90956
655 #7 - INDEX TERM--GENRE/FORM
Genre/form data or focus term Suspense fiction.
Source of term gsafd
856 42 - ELECTRONIC LOCATION AND ACCESS
Materials specified Cover image
Uniform Resource Identifier <a href="ftp://ppftpuser:welcome@ftp01.penguingroup.com/Booksellers and Media/Covers/2008_2009_New_Covers/9780525953494.jpg">ftp://ppftpuser:welcome@ftp01.penguingroup.com/Booksellers and Media/Covers/2008_2009_New_Covers/9780525953494.jpg</a>
906 ## - LOCAL DATA ELEMENT F, LDF (RLIN)
a 7
b cbc
c orignew
d 1
e ecip
f 20
g y-gencatlg
942 ## - ADDED ENTRY ELEMENTS (KOHA)
Source of classification or shelving scheme
Koha item type Book
Holdings
Withdrawn status Lost status Source of classification or shelving scheme Damaged status Not for loan Permanent Location Current Location Shelving location Date acquired Source of acquisition Total Checkouts Full call number Barcode Date last seen Price effective from Koha item type
          Central Library (CL) Central Library (CL) Fiction 04/14/2022 Donation   813.54 COB CL-D-1667 09/11/2024 04/14/2022 Book
© 2023 Central Library, National University of Sciences and Technology. All Rights Reserved.